Biodiversidad y biotecnología en la evaluación de cultivares comerciales de heliconias (Registro nro. 7698)

Detalles MARC
000 -CABECERA
Campo de control 00962nam a22002657a 4500
005 - FECHA Y HORA DE LA ULTIMA TRANSACCION
Campo de control 20180803165506.0
008 - ELEMENTOS DE LONGITUD FIJA—INFORMACION GENERAL
Campo de control 130321s2011 ck ado r 000 0 spa d
020 ## - ISBN
ISBN 9789587221442
041 0# - IDIOMA
Código de idioma para texto/pista de sonido o título separado Español
044 ## - PAÍS DE PUBLICACIÓN
País de publicación Colombia
082 04 - NUMERO DE CLASIFICACION DECIMAL DEWEY
Número de clasificación 584.39
Número del ítem M38b
245 00 - MENCION DE TITULO
Título Biodiversidad y biotecnología en la evaluación de cultivares comerciales de heliconias
Mención de responsabilidad Marta Leonor Marulanda Ángel...[et al.]
260 ## - PUBLICACION, DISTRIBUCION, ETC. (PIE DE IMPRENTA)
Lugar de publicación, distribución, etc. Pereira
Nombre del editor, distribuidor, etc. Universidad Tecnológica de Pereira
Fecha de publicación, distribución, etc. 2011
300 ## - DESCRIPCION FISICA
Extensión 123 p.
Otros detalles físicos ilustraciones, fotos a color, gráficas y tablas
Dimensiones 24 cm.
504 ## - NOTA DE BIBLIOGRAFIA, ETC.
Nota de bibliografía Incluye referencias bibliográficas.
650 14 - ASIENTO SECUNDARIO DE MATERIA - TERMINO TEMATICO
Término temático o nombre geográfico como elemento de entrada Heliconias
650 24 - ASIENTO SECUNDARIO DE MATERIA - TERMINO TEMATICO
Término temático o nombre geográfico como elemento de entrada Heliconias
Subdivisión general Cultivo
Subdivisión geográfica Colombia
650 24 - ASIENTO SECUNDARIO DE MATERIA - TERMINO TEMATICO
Término temático o nombre geográfico como elemento de entrada Diversidad biológica
650 24 - ASIENTO SECUNDARIO DE MATERIA - TERMINO TEMATICO
Término temático o nombre geográfico como elemento de entrada Biotecnología
700 1# - ASIENTO SECUNDARIO - NOMBRE PERSONAL
Nombre personal Marulanda-Ángel, Marta Leonor
700 1# - ASIENTO SECUNDARIO - NOMBRE PERSONAL
Nombre personal Isaza-Valencia, Liliana
700 1# - ASIENTO SECUNDARIO - NOMBRE PERSONAL
Nombre personal Duque-Nivia, Andrés
700 1# - ASIENTO SECUNDARIO - NOMBRE PERSONAL
Nombre personal Londoño-Giraldo, Lina
942 ## - ELEMENTOS ADICIONALES (KOHA)
Sistema de clasificación Dewey Decimal Classification
Tipo de ítem Impreso
Existencias
Withdrawn status Lost status Sistema de Clasificación Damaged status No para préstamo Colección Inventariado Ubicación Permanente Ubicación actual Fecha de adquisición Fuente de Valor Valor Total Checkouts Número topográfico Inventario / Código de Barras Date last seen Ejemplar Price effective from Forma de adquisición Tipo de material
    Dewey Decimal Classification     General Inventariado 2017 Bogotá Bogotá 29/10/2013 Instituto 39000.00   LB-584.39 M38b 059177 29/10/2013 Ej. 1 29/10/2013   Libro